000 01745nam a22002417a 4500
008 240131t19842022ck a gr a001 j spa d
020 _a9789585125384
037 _3Donación
040 _aCO-JMCR
_cCO-JMCR
_dCO-JMCR
_erda
_bspa
041 _aspa
082 _220
_a070.44
_bP22l
100 _aPardo Umaña, Emilia,
_eautor
_943161
245 _aLa letra con sangre entra /
_cEmilia Pardo Umaña
264 _aBogotá :
_bSecretaria distrital de cultura, recreación y deporte ,
_c©2021
300 _a252 páginas ;
_c23 cm.
500 _aIncluye datos biográficos del autor
520 _aDesde que Emilia empezó a firmar con su nombre, lo que daba a la imprenta despertaba reacciones desaforadas: o se estaba con ella, o se estaba contra ella, sin términos medios. No se trata de que Emilia hubiera introducido los temas ligeros de la sección femenina en las páginas editoriales, sino de que convirtió las notas ligeras en algo distinto: un formato lo suficientemente maleable como para ser sismógrafo de la actualidad, no menos que vehículo de crítica social. Tuvieron que pasar veintitrés años desde su muerte para que una primera selección de sus columnas, preparada por Camándula, fuera publicada en 1984 con el título La letra con sangre entra. Este libro, ahora reeditado para la Colección Bogotá «Leer para la vida», no debería hacernos olvidar que Emilia escribió en su breve carrera alrededor de cuatro mil artículos y que de ellos conocemos apenas una ínfima parte.
650 _zColombia
_913727
650 _zColombia
_943162
650 _zColombiano
_943163
999 _c30506
_d16890